NBA 2009 Playoffs Starters - Statistics

General Stats
  • This quiz has been taken 692 times
    658 since last reset
  • The average score is 45 of 80
Answer Stats
Team Player % Correct
Cavaliers LeBron James
99%
Celtics Paul Pierce
95%
Lakers Kobe Bryant
94%
Celtics Rajon Rondo
94%
Magic Dwight Howard
93%
Heat Dwyane Wade
93%
Celtics Ray Allen
93%
Spurs Tim Duncan
93%
Mavericks Josh Howard
92%
Spurs Tony Parker
92%
Mavericks Dirk Nowitzki
90%
Lakers Pau Gasol
90%
Bulls Derrick Rose
87%
Nuggets Chauncey Billups
86%
Jazz Deron Williams
86%
Cavaliers Mo Williams
86%
Pistons Rasheed Wallace
85%
Nuggets Carmelo Anthony
84%
Celtics Kendrick Perkins
84%
Bulls Joakim Noah
83%
Lakers Derek Fisher
82%
Mavericks Jason Kidd
82%
Rockets Yao Ming
78%
Hawks Josh Smith
77%
Trail Blazers LaMarcus Aldridge
77%
Hawks Joe Johnson
76%
Cavaliers Zydrunas Ilgauskas
76%
Lakers Andrew Bynum
74%
Hornets Chris Paul
74%
Pistons Richard Hamilton
73%
Hawks Al Horford
72%
Jazz Carlos Boozer
72%
Heat Jermaine O'Neal
70%
Trail Blazers Brandon Roy
69%
76ers Andre Iguodala
68%
Hornets Tyson Chandler
66%
Hornets David West
64%
Rockets Ron Artest
64%
Cavaliers Delonte West
63%
Magic Hedo Turkoglu
60%
Pistons Tayshaun Prince
60%
Magic Rashard Lewis
56%
Celtics Glen Davis
55%
76ers Andre Miller
53%
Lakers Trevor Ariza
52%
Heat Udonis Haslem
52%
76ers Willie Green
52%
Jazz Andrei Kirilenko
50%
Bulls Ben Gordon
48%
Heat Mario Chalmers
48%
Nuggets Kenyon Martin
45%
Nuggets Nenê
44%
Nuggets Dahntay Jones
42%
Heat James Jones
42%
Cavaliers Anderson Varejao
41%
Rockets Shane Battier
41%
Hornets Peja Stojakovic
39%
Magic Courtney Lee
33%
Hawks Mike Bibby
33%
Hornets Rasual Butler
33%
Trail Blazers Nicolas Batum
32%
Spurs Michael Finley
31%
Rockets Luis Scola
30%
76ers Thaddeus Young
30%
Rockets Aaron Brooks
26%
Bulls Tyrus Thomas
26%
Magic Rafer Alston
25%
76ers Samuel Dalembert
24%
Pistons Antonio McDyess
20%
Mavericks Erick Dampier
16%
Pistons Rodney Stuckey
16%
Jazz Ronnie Brewer
15%
Spurs Matt Bonner
11%
Trail Blazers Steve Blake
10%
Jazz Jarron Collins
9%
Mavericks Antoine Wright
8%
Bulls John Salmons
8%
Hawks Maurice Evans
7%
Spurs Roger Mason
7%
Trail Blazers Joel Przybilla
6%
No matching quizzes found
Score Distribution
Percent of People with Each Score
Percentile by Number Answered
Your Score History
You have not taken this quiz since the last reset